000 00910nam a2200217Ia 4500
003 OSt
005 20200803160027.0
008 191128s2002 ck fr 000 0 spa d
040 _aCO-JMCR
_cCO-JMCR
041 0 _aspa
082 0 4 _a342.861 /
_bP153e
_223
100 1 _aPalacios Mejia, Hugo,
_eautor
_91994
245 1 3 _aLa economía en el derecho constitucional colombiano /
_cHugo Palacios Mejia
260 _aBogotá :
_bAnif,
_c1975
300 _a2 volúmenes ;
_c23 cm.
490 0 _aBiblioteca Anif de Economía
505 0 _aEsquema de la constitución política de Colombia -- La guarda de la constitución -- La libertad económica en la constitución -- La expropiación -- La intervención del Estado en la economía -- La dirección general de la economía
650 1 4 _aDerecho constitucional
_zColombia
_98125
650 1 4 _aHacienda pública
_xlegislación
_zColombia
_98269
942 _2ddc
_cBK
999 _c5322
_d5322